Clifford to the rescue / (Record no. 4885)

MARC details
000 -LEADER
fixed length control field 00966nam a22003017a 4500
001 - CONTROL NUMBER
control field 4885
003 - CONTROL NUMBER IDENTIFIER
control field FISKH
005 - DATE AND TIME OF LATEST TRANSACTION
control field 20250327092409.0
008 - FIXED-LENGTH DATA ELEMENTS--GENERAL INFORMATION
fixed length control field 241023b cb ||||| |||| 00| 0 eng d
020 ## - INTERNATIONAL STANDARD BOOK NUMBER
International Standard Book Number 9780439140386
040 ## - CATALOGING SOURCE
Original cataloging agency FISKH
Language of cataloging eng
Transcribing agency FISKH
Modifying agency FISKH
050 ## - LIBRARY OF CONGRESS CALL NUMBER
Classification number PZ7.B7633
082 ## - DEWEY DECIMAL CLASSIFICATION NUMBER
Classification number 460
100 ## - MAIN ENTRY--PERSONAL NAME
Personal name Bridwell, Norman
Dates associated with a name (1928–2014)
245 ## - TITLE STATEMENT
Title Clifford to the rescue /
Statement of responsibility, etc. Norman Bridwell
250 ## - EDITION STATEMENT
Edition statement First printing in 2000
260 ## - PUBLICATION, DISTRIBUTION, ETC.
Place of publication, distribution, etc. New York :
Name of publisher, distributor, etc. Scholastic,
Date of publication, distribution, etc. 2000.
300 ## - PHYSICAL DESCRIPTION
Extent 28 pages :
Other physical details Color illustrations ;
Dimensions 21 cm
505 ## - FORMATTED CONTENTS NOTE
Formatted contents note J<br/>
520 ## - SUMMARY, ETC.
Summary, etc. Clifford uses his size to help out in many ways--saving a kitten, rescuing people from a fire, masquerading as a elephant, and supporting up a bridge so a parade can pass.
521 8# - TARGET AUDIENCE NOTE
Target audience note 440L<br/>
Source Lexile<br/>
521 8# - TARGET AUDIENCE NOTE
Target audience note J<br/>
Source Raz-Plus<br/>
650 ## - SUBJECT ADDED ENTRY--TOPICAL TERM
Source of heading or term Fiction
Topical term or geographic name entry element Helping
650 ## - SUBJECT ADDED ENTRY--TOPICAL TERM
Source of heading or term Pets
Topical term or geographic name entry element Safety
700 ## - ADDED ENTRY--PERSONAL NAME
Personal name Bridwell, Norman
Dates associated with a name Illustrator
942 ## - ADDED ENTRY ELEMENTS (KOHA)
Source of classification or shelving scheme Dewey Decimal Classification
Koha item type Books
Suppress in OPAC No
Holdings
Withdrawn status Lost status Source of classification or shelving scheme Damaged status Not for loan Collection Home library Current library Shelving location Date acquired Total Checkouts Full call number Barcode Date last seen Date last checked out Copy number Price effective from Koha item type
    Dewey Decimal Classification     Fiction Footprints International School Library Network Toul Kork Campus Footprints International School Library Network Toul Kork Campus TK Primary Library Room(4th Floor), Bookcase 1&2, Shelves 1-16, Dark Blue Books 10/23/2024 5 BRI 460 PZ7.B7633 2024-2198 04/08/2026 02/25/2026 1 10/23/2024 Books
    Dewey Decimal Classification     Juvenile Fiction Footprints International School Library Network Toul Tom Poung Campus Footprints International School Library Network Toul Tom Poung Campus TTP Primary Dark Blue Bookshelves 03/27/2025   BRI 460 PZ7.B7633 2025-0831 03/27/2025   2 03/27/2025 Books